[Event "Team Championship (men blitz)"]
[Site "Sochi"]
[Date "2017.10.05"]
[Round "15.19"]
[White "Levin, Evgeny A."]
[Black "Jary, Sergey"]
[Result "1/2-1/2"]
[LiveChessVersion "1.4.8"]
[BlackElo "2333"]
[WhiteElo "2546"]

1. d4 {[%clk 0:03:03]} Nf6 {[%clk 0:03:04]} 2. Nf3 {[%clk 0:03:04]} g6
{[%clk 0:03:05]} 3. Bg5 {[%clk 0:03:05]} Bg7 {[%clk 0:03:07]} 4. Nbd2
{[%clk 0:03:06]} d5 {[%clk 0:03:08]} 5. e3 {[%clk 0:03:07]} O-O {[%clk 0:03:09]}
6. Be2 {[%clk 0:03:08]} c6 {[%clk 0:03:10]} 7. O-O {[%clk 0:03:08]} Bg4
{[%clk 0:03:11]} 8. h3 {[%clk 0:03:08]} Bxf3 {[%clk 0:03:12]} 9. Nxf3
{[%clk 0:02:57]} Nbd7 {[%clk 0:03:13]} 10. c4 {[%clk 0:02:57]} Qb6
{[%clk 0:03:07]} 11. Qc2 {[%clk 0:02:48]} Rac8 {[%clk 0:03:03]} 12. c5
{[%clk 0:02:33]} Qd8 {[%clk 0:03:03]} 13. b4 {[%clk 0:02:31]} a6 {[%clk 0:03:03]}
14. a4 Re8 15. b5 {[%clk 0:02:26]} axb5 {[%clk 0:03:01]} 16. axb5
{[%clk 0:02:27]} e5 {[%clk 0:03:02]} 17. Ra7 {[%clk 0:02:15]} e4 {[%clk 0:02:31]}
18. Nd2 {[%clk 0:02:11]} b6 {[%clk 0:02:31]} 19. bxc6 {[%clk 0:02:07]} Rxc6
{[%clk 0:02:31]} 20. Bb5 {[%clk 0:02:05]} Rc7 {[%clk 0:02:33]} 21. Rxc7
{[%clk 0:01:34]} Qxc7 {[%clk 0:02:33]} 22. Bf4 {[%clk 0:01:35]} Qa7
{[%clk 0:02:18]} 23. c6 {[%clk 0:01:34]} Nf8 {[%clk 0:02:13]} 24. c7
{[%clk 0:01:14]} Rc8 {[%clk 0:02:13]} 25. Nb3 {[%clk 0:01:09]} Ne6
{[%clk 0:02:07]} 26. Ra1 {[%clk 0:01:10]} Rxc7 {[%clk 0:02:08]} 27. Bxc7
{[%clk 0:01:05]} Qxc7 {[%clk 0:02:08]} 28. Ra8+ {[%clk 0:01:04]} Bf8
{[%clk 0:02:08]} 29. Rc8 {[%clk 0:00:48]} Qd6 {[%clk 0:02:05]} 30. Nd2
{[%clk 0:00:45]} h5 {[%clk 0:01:50]} 31. Rc6 {[%clk 0:00:45]} Qd8
{[%clk 0:01:46]} 32. Qa2 {[%clk 0:00:41]} h4 {[%clk 0:01:44]} 33. Qa7
{[%clk 0:00:39]} Nh7 {[%clk 0:01:20]} 34. Qxb6 {[%clk 0:00:39]} Qa8
{[%clk 0:01:13]} 35. Rxe6 {[%clk 0:00:30]} fxe6 {[%clk 0:01:13]} 36. Qxe6+
{[%clk 0:00:30]} Kg7 {[%clk 0:01:12]} 37. Bc6 {[%clk 0:00:28]} Qa5
{[%clk 0:01:11]} 38. Nf1 {[%clk 0:00:24]} Nf6 {[%clk 0:01:12]} 39. Be8
{[%clk 0:00:18]} Qc7 {[%clk 0:01:08]} 40. Bc6 {[%clk 0:00:16]} Qd6
{[%clk 0:01:04]} 41. Qxd6 {[%clk 0:00:17]} Bxd6 {[%clk 0:01:05]} 42. Nd2
{[%clk 0:00:14]} Kf7 {[%clk 0:01:00]} 43. Kf1 {[%clk 0:00:15]} g5
{[%clk 0:01:01]} 44. Ke2 {[%clk 0:00:14]} Ke6 {[%clk 0:01:03]} 45. Nb1
{[%clk 0:00:13]} Bb4 {[%clk 0:01:03]} 46. Nd2 {[%clk 0:00:14]} Kd6
{[%clk 0:01:05]} 47. Bb7 {[%clk 0:00:14]} g4 {[%clk 0:01:05]} 48. hxg4
{[%clk 0:00:14]} Nxg4 {[%clk 0:01:07]} 49. Nb3 {[%clk 0:00:14]} Nf6
{[%clk 0:01:04]} 50. Ba6 {[%clk 0:00:12]} Kc6 {[%clk 0:01:02]} 51. Bc8
{[%clk 0:00:12]} Kc7 {[%clk 0:01:03]} 52. Be6 {[%clk 0:00:13]} Kb6
{[%clk 0:01:04]} 53. Nd2 {[%clk 0:00:13]} Kc6 {[%clk 0:01:04]} 54. f3
{[%clk 0:00:13]} Kd6 {[%clk 0:00:57]} 55. Bf5 {[%clk 0:00:14]} Bxd2
{[%clk 0:00:56]} 56. Kxd2 {[%clk 0:00:15]} exf3 {[%clk 0:00:58]} 57. gxf3
{[%clk 0:00:16]} Nh5 {[%clk 0:00:56]} 58. Ke1 {[%clk 0:00:15]} Ng7
{[%clk 0:00:54]} 59. Bg4 {[%clk 0:00:16]} Ne8 {[%clk 0:00:52]} 60. Kf2
{[%clk 0:00:17]} Ke7 {[%clk 0:00:53]} 61. Kg2 {[%clk 0:00:17]} Nd6
{[%clk 0:00:54]} 62. Kf2 {[%clk 0:00:14]} Nc4 {[%clk 0:00:55]} 63. Ke2
{[%clk 0:00:14]} Kf6 {[%clk 0:00:55]} 64. e4 {[%clk 0:00:13]} Kg5
{[%clk 0:00:52]} 65. e5 {[%clk 0:00:11]} Na3 {[%clk 0:00:48]} 66. e6
{[%clk 0:00:10]} Kf6 {[%clk 0:00:46]} 67. Kd3 {[%clk 0:00:11]} Nb5
{[%clk 0:00:46]} 68. f4 {[%clk 0:00:12]} Nd6 {[%clk 0:00:44]} 69. Ke3
{[%clk 0:00:12]} Nc4+ {[%clk 0:00:46]} 70. Kf2 {[%clk 0:00:12]} Nd2
{[%clk 0:00:45]} 71. Kg2 {[%clk 0:00:13]} Nb3 {[%clk 0:00:47]} 72. Kh3
{[%clk 0:00:11]} Nxd4 {[%clk 0:00:47]} 73. f5 {[%clk 0:00:11]} Nc6
{[%clk 0:00:44]} 74. Kxh4 {[%clk 0:00:10]} d4 {[%clk 0:00:46]} 75. Kg3
{[%clk 0:00:10]} Ne5 {[%clk 0:00:43]} 76. Kf4 {[%clk 0:00:05]} d3
{[%clk 0:00:42]} 77. Bd1 {[%clk 0:00:06]} Nc4 {[%clk 0:00:41]} 78. Ke4
{[%clk 0:00:06]} Nd6+ {[%clk 0:00:42]} 79. Kxd3 Nxf5 {[%clk 0:00:43]} 1/2-1/2

[Event "Team Championship (men blitz)"]
[Site "Sochi"]
[Date "2017.10.05"]
[Round "15.20"]
[White "Linker, Mikhail"]
[Black "Palchun, Grigory"]
[Result "1-0"]
[LiveChessVersion "1.4.8"]
[BlackElo "2319"]
[WhiteElo "2268"]

1. e4 {[%clk 0:03:02]} e5 {[%clk 0:03:02]} 2. Nf3 {[%clk 0:03:03]} Nc6
{[%clk 0:03:03]} 3. Bc4 {[%clk 0:02:52]} Bc5 {[%clk 0:03:03]} 4. c3
{[%clk 0:02:52]} Nf6 {[%clk 0:03:04]} 5. d3 {[%clk 0:02:48]} d6 {[%clk 0:03:04]}
6. O-O {[%clk 0:02:48]} h6 {[%clk 0:03:04]} 7. b4 {[%clk 0:02:48]} Bb6
{[%clk 0:03:02]} 8. a4 {[%clk 0:02:49]} a6 {[%clk 0:02:53]} 9. h3
{[%clk 0:02:40]} g5 {[%clk 0:02:45]} 10. Be3 {[%clk 0:02:30]} g4 {[%clk 0:02:25]}
11. hxg4 {[%clk 0:02:29]} Bxe3 {[%clk 0:02:23]} 12. fxe3 {[%clk 0:02:29]} Bxg4
{[%clk 0:02:03]} 13. Qe1 {[%clk 0:02:31]} Qe7 {[%clk 0:01:08]} 14. Qh4
{[%clk 0:02:28]} Be6 {[%clk 0:01:07]} 15. Nbd2 {[%clk 0:02:24]} Bxc4
{[%clk 0:00:54]} 16. Nxc4 {[%clk 0:02:25]} Nd7 {[%clk 0:00:44]} 17. b5
{[%clk 0:02:20]} Qxh4 {[%clk 0:00:39]} 18. Nxh4 {[%clk 0:02:22]} Ne7
{[%clk 0:00:38]} 19. Rab1 {[%clk 0:01:39]} b6 {[%clk 0:00:29]} 20. Nf5
{[%clk 0:01:34]} Nc5 {[%clk 0:00:24]} 21. Ncxd6+ {[%clk 0:01:17]} cxd6
{[%clk 0:00:24]} 22. Nxd6+ {[%clk 0:01:18]} Kd7 {[%clk 0:00:24]} 23. Nxf7
{[%clk 0:01:18]} Ke6 {[%clk 0:00:21]} 24. d4 {[%clk 0:01:06]} Nxe4
{[%clk 0:00:14]} 25. Nxe5 {[%clk 0:01:04]} axb5 {[%clk 0:00:10]} 26. Rxb5
{[%clk 0:01:04]} Ra6 {[%clk 0:00:10]} 27. Nc4 {[%clk 0:00:59]} Rc8
{[%clk 0:00:10]} 28. Re5+ {[%clk 0:01:00]} Kd7 {[%clk 0:00:10]} 29. Rxe4
{[%clk 0:00:59]} Rxc4 30. Rf7 Rxc3 {[%clk 0:00:08]} 31. Rexe7+ {[%clk 0:00:58]}
Kd6 {[%clk 0:00:09]} 32. Rd7+ {[%clk 0:00:54]} Ke6 {[%clk 0:00:10]} 33. d5+ Ke5
34. Rfe7+ {[%clk 0:00:53]} Kf6 {[%clk 0:00:12]} 35. d6 {[%clk 0:00:53]} Rxa4
{[%clk 0:00:12]} 36. Rg7 {[%clk 0:00:50]} Rd3 {[%clk 0:00:09]} 37. Rdf7+
{[%clk 0:00:51]} Ke6 {[%clk 0:00:10]} 38. Re7+ {[%clk 0:00:51]} Kf6
{[%clk 0:00:10]} 39. Rgf7+ {[%clk 0:00:49]} Kg6 {[%clk 0:00:11]} 40. d7
{[%clk 0:00:50]} Ra1+ {[%clk 0:00:12]} 41. Kh2 {[%clk 0:00:45]} Rad1
{[%clk 0:00:13]} 42. e4 {[%clk 0:00:42]} b5 {[%clk 0:00:11]} 43. e5
{[%clk 0:00:38]} b4 {[%clk 0:00:12]} 44. Rf6+ {[%clk 0:00:26]} Kh5
{[%clk 0:00:12]} 45. e6 {[%clk 0:00:24]} b3 {[%clk 0:00:12]} 46. Re8
{[%clk 0:00:15]} b2 {[%clk 0:00:12]} 47. Rb8 {[%clk 0:00:13]} b1=Q
{[%clk 0:00:12]} 48. Rxb1 Rxb1 {[%clk 0:00:12]} 49. e7 {[%clk 0:00:14]} Rdd1
{[%clk 0:00:11]} 50. e8=Q+ {[%clk 0:00:14]} 1-0

[Event "Team Championship (men blitz)"]
[Site "Sochi"]
[Date "2017.10.05"]
[Round "15.21"]
[White "Grachev, Boris"]
[Black "Moskalenko, Alexander"]
[Result "1-0"]
[LiveChessVersion "1.4.8"]
[BlackElo "2580"]
[WhiteElo "2625"]

1. d4 {[%clk 0:03:03]} Nf6 {[%clk 0:03:03]} 2. Bf4 {[%clk 0:03:04]} d5
{[%clk 0:03:01]} 3. e3 {[%clk 0:03:04]} c5 {[%clk 0:03:02]} 4. c3
{[%clk 0:03:05]} Nc6 {[%clk 0:02:59]} 5. Nd2 {[%clk 0:03:03]} e6 {[%clk 0:02:56]}
6. Ngf3 {[%clk 0:02:58]} cxd4 {[%clk 0:02:56]} 7. exd4 {[%clk 0:02:52]} Nh5
{[%clk 0:02:56]} 8. Bg3 {[%clk 0:02:47]} Nxg3 {[%clk 0:02:49]} 9. hxg3
{[%clk 0:02:48]} g6 {[%clk 0:02:44]} 10. Bd3 {[%clk 0:02:38]} Bg7
{[%clk 0:02:45]} 11. Qe2 {[%clk 0:02:15]} Bd7 {[%clk 0:02:30]} 12. Ne5
{[%clk 0:02:10]} Nxe5 {[%clk 0:02:15]} 13. dxe5 {[%clk 0:02:10]} h5
{[%clk 0:02:06]} 14. Nf3 {[%clk 0:02:08]} Bc6 {[%clk 0:01:53]} 15. Nd4
{[%clk 0:02:06]} Qg5 {[%clk 0:01:44]} 16. Nf3 {[%clk 0:01:59]} Qe7
{[%clk 0:01:44]} 17. Nd4 {[%clk 0:01:55]} Qg5 {[%clk 0:01:40]} 18. Nf3
{[%clk 0:01:55]} Qe7 {[%clk 0:01:38]} 19. a4 {[%clk 0:01:32]} Qc7
{[%clk 0:01:20]} 20. O-O {[%clk 0:01:04]} a6 {[%clk 0:01:04]} 21. Rfe1
{[%clk 0:01:02]} Bf8 {[%clk 0:00:52]} 22. Nd4 {[%clk 0:00:55]} Be7
{[%clk 0:00:51]} 23. Kh2 {[%clk 0:00:43]} Bd7 {[%clk 0:00:46]} 24. f4
{[%clk 0:00:42]} Kf8 {[%clk 0:00:45]} 25. Kg1 {[%clk 0:00:27]} Kg7
{[%clk 0:00:46]} 26. Kf2 {[%clk 0:00:24]} Qb6 {[%clk 0:00:27]} 27. a5
{[%clk 0:00:22]} Qa7 {[%clk 0:00:28]} 28. Qe3 {[%clk 0:00:21]} Bc5
{[%clk 0:00:30]} 29. b4 {[%clk 0:00:21]} Be7 {[%clk 0:00:28]} 30. Rac1
{[%clk 0:00:19]} Qb8 {[%clk 0:00:24]} 31. Rc2 {[%clk 0:00:11]} Qf8
{[%clk 0:00:25]} 32. Rec1 {[%clk 0:00:11]} Rc8 {[%clk 0:00:26]} 33. Kg1
{[%clk 0:00:10]} Rc7 {[%clk 0:00:27]} 34. Kh2 {[%clk 0:00:10]} Qd8
{[%clk 0:00:25]} 35. Nf3 {[%clk 0:00:09]} Qe8 {[%clk 0:00:24]} 36. Rb1
{[%clk 0:00:04]} Ba4 {[%clk 0:00:24]} 37. Rcc1 {[%clk 0:00:05]} Bb5
{[%clk 0:00:24]} 38. Bxb5 Qxb5 {[%clk 0:00:25]} 39. Nd4 {[%clk 0:00:06]} Qc4
{[%clk 0:00:26]} 40. Rc2 {[%clk 0:00:07]} Rhc8 {[%clk 0:00:25]} 41. Rbc1
{[%clk 0:00:08]} Rd7 {[%clk 0:00:23]} 42. Qf3 {[%clk 0:00:08]} Qc7
{[%clk 0:00:23]} 43. g4 {[%clk 0:00:08]} hxg4 {[%clk 0:00:24]} 44. Qxg4
{[%clk 0:00:09]} Rh8+ {[%clk 0:00:23]} 45. Kg1 {[%clk 0:00:11]} Qc4
{[%clk 0:00:16]} 46. f5 {[%clk 0:00:09]} exf5 {[%clk 0:00:11]} 47. Nxf5+ Kf8 48.
Nd4 {[%clk 0:00:10]} Rh4 {[%clk 0:00:12]} 49. Qxd7 {[%clk 0:00:09]} Rxd4
{[%clk 0:00:12]} 50. cxd4 {[%clk 0:00:09]} Qxd4+ {[%clk 0:00:13]} 51. Rf2
{[%clk 0:00:09]} Bh4 {[%clk 0:00:14]} 52. Qxf7# {[%clk 0:00:10]} 1-0

[Event "Team Championship (men blitz)"]
[Site "Sochi"]
[Date "2017.10.05"]
[Round "15.22"]
[White "Oganian, Miran"]
[Black "Popov, Ivan"]
[Result "1-0"]
[LiveChessVersion "1.4.8"]
[BlackElo "2607"]
[WhiteElo "2496"]

1. d4 {[%clk 0:03:03]} Nf6 {[%clk 0:03:04]} 2. c4 {[%clk 0:03:05]} e6
{[%clk 0:03:05]} 3. g3 {[%clk 0:03:06]} d5 {[%clk 0:03:05]} 4. Nf3
{[%clk 0:03:07]} Be7 {[%clk 0:03:06]} 5. Bg2 {[%clk 0:03:09]} O-O
{[%clk 0:03:06]} 6. O-O {[%clk 0:03:10]} dxc4 {[%clk 0:03:07]} 7. Qc2
{[%clk 0:03:05]} a6 {[%clk 0:03:08]} 8. Qxc4 {[%clk 0:03:06]} b5 {[%clk 0:03:09]}
9. Qc2 {[%clk 0:03:07]} Bb7 {[%clk 0:03:10]} 10. Bd2 {[%clk 0:03:08]} Be4
{[%clk 0:03:06]} 11. Qc1 {[%clk 0:03:07]} c6 {[%clk 0:03:06]} 12. Rd1
{[%clk 0:03:06]} Nbd7 {[%clk 0:02:57]} 13. Nc3 {[%clk 0:03:00]} Bg6
{[%clk 0:02:58]} 14. Nh4 {[%clk 0:02:45]} Rc8 {[%clk 0:02:52]} 15. Nxg6
{[%clk 0:02:41]} hxg6 {[%clk 0:02:53]} 16. Bg5 {[%clk 0:02:28]} Nd5
{[%clk 0:02:42]} 17. Bxe7 {[%clk 0:02:24]} Qxe7 {[%clk 0:02:42]} 18. Qd2
{[%clk 0:01:31]} Rc7 {[%clk 0:02:27]} 19. Rac1 {[%clk 0:01:30]} Rfc8
{[%clk 0:02:28]} 20. e3 {[%clk 0:01:04]} Kf8 {[%clk 0:02:02]} 21. h4
{[%clk 0:01:03]} Nxc3 {[%clk 0:01:58]} 22. Rxc3 {[%clk 0:01:04]} c5
{[%clk 0:01:58]} 23. d5 {[%clk 0:00:48]} exd5 {[%clk 0:01:53]} 24. Qxd5
{[%clk 0:00:46]} Nf6 {[%clk 0:01:40]} 25. Qf3 {[%clk 0:00:43]} c4
{[%clk 0:01:14]} 26. a3 {[%clk 0:00:43]} Rd8 {[%clk 0:01:09]} 27. Rxd8+
{[%clk 0:00:20]} Qxd8 {[%clk 0:01:10]} 28. g4 {[%clk 0:00:14]} Rd7
{[%clk 0:01:04]} 29. g5 {[%clk 0:00:11]} Rd1+ {[%clk 0:01:03]} 30. Kh2
{[%clk 0:00:10]} Qd6+ {[%clk 0:01:01]} 31. Kh3 {[%clk 0:00:07]} Qd7+
{[%clk 0:00:46]} 32. Kh2 {[%clk 0:00:06]} Qd6+ {[%clk 0:00:39]} 33. Kh3
{[%clk 0:00:07]} Qe6+ {[%clk 0:00:41]} 34. Kh2 {[%clk 0:00:07]} Ng4+
{[%clk 0:00:37]} 35. Kg3 {[%clk 0:00:08]} Ne5 {[%clk 0:00:38]} 36. Qxd1
{[%clk 0:00:08]} Qf5 {[%clk 0:00:32]} 37. Qd8# {[%clk 0:00:05]} 1-0

[Event "Team Championship (men blitz)"]
[Site "Sochi"]
[Date "2017.10.05"]
[Round "15.23"]
[White "Kobalia, Mikhail"]
[Black "Vastrukhin, Oleg"]
[Result "1-0"]
[LiveChessVersion "1.4.8"]
[BlackElo "2424"]
[WhiteElo "2568"]

1. e4 {[%clk 0:03:04]} g6 {[%clk 0:03:03]} 2. d4 {[%clk 0:03:04]} Bg7
{[%clk 0:03:04]} 3. Nf3 {[%clk 0:03:05]} c6 {[%clk 0:03:06]} 4. Nc3
{[%clk 0:03:04]} d5 {[%clk 0:03:06]} 5. h3 {[%clk 0:03:04]} dxe4 {[%clk 0:03:07]}
6. Nxe4 {[%clk 0:03:05]} Nf6 {[%clk 0:03:08]} 7. Nxf6+ {[%clk 0:03:06]} exf6
{[%clk 0:03:09]} 8. Bc4 {[%clk 0:03:00]} O-O {[%clk 0:03:09]} 9. O-O
{[%clk 0:03:01]} Nd7 {[%clk 0:03:10]} 10. a4 {[%clk 0:03:01]} Nb6
{[%clk 0:03:10]} 11. Bb3 {[%clk 0:03:02]} Be6 {[%clk 0:03:05]} 12. Bxe6
{[%clk 0:02:59]} fxe6 {[%clk 0:03:05]} 13. b3 {[%clk 0:02:59]} Re8
{[%clk 0:03:03]} 14. Re1 {[%clk 0:03:00]} e5 {[%clk 0:02:51]} 15. a5
{[%clk 0:02:44]} Nd5 {[%clk 0:02:35]} 16. c4 {[%clk 0:02:31]} Nc7
{[%clk 0:02:31]} 17. dxe5 {[%clk 0:02:25]} Qxd1 {[%clk 0:02:24]} 18. Rxd1
{[%clk 0:02:27]} fxe5 {[%clk 0:02:25]} 19. Bb2 {[%clk 0:02:28]} Na6
{[%clk 0:01:29]} 20. Ng5 {[%clk 0:02:18]} h6 {[%clk 0:01:18]} 21. Ne4
{[%clk 0:02:19]} Rad8 {[%clk 0:01:20]} 22. Bc3 {[%clk 0:02:08]} g5
{[%clk 0:01:06]} 23. g4 {[%clk 0:01:57]} Rd4 {[%clk 0:00:38]} 24. Bxd4
{[%clk 0:01:41]} exd4 {[%clk 0:00:39]} 25. Nd6 {[%clk 0:01:42]} Re7
{[%clk 0:00:37]} 26. Nf5 Rd7 27. Kg2 {[%clk 0:01:35]} c5 {[%clk 0:00:36]} 28. Re1
{[%clk 0:01:27]} Nb4 {[%clk 0:00:31]} 29. Re7 {[%clk 0:01:23]} Rxe7 30. Nxe7+
{[%clk 0:01:24]} Kf7 {[%clk 0:00:29]} 31. Re1 {[%clk 0:01:20]} Nc2
{[%clk 0:00:20]} 32. Re4 {[%clk 0:01:15]} d3 {[%clk 0:00:19]} 33. Kf1
{[%clk 0:01:12]} Nd4 {[%clk 0:00:13]} 34. Nd5 {[%clk 0:01:07]} d2
{[%clk 0:00:10]} 35. Ne3 {[%clk 0:01:06]} Nxb3 {[%clk 0:00:10]} 36. Ke2
{[%clk 0:01:02]} Bc3 {[%clk 0:00:11]} 37. a6 {[%clk 0:01:03]} bxa6
{[%clk 0:00:12]} 38. Nf5 {[%clk 0:01:03]} Nc1+ {[%clk 0:00:11]} 39. Kd1
{[%clk 0:01:04]} Nd3 {[%clk 0:00:12]} 40. Re7+ {[%clk 0:00:52]} Kf8
{[%clk 0:00:12]} 41. Rd7 {[%clk 0:00:47]} Nxf2+ 42. Kc2 d1=Q+ {[%clk 0:00:11]}
43. Rxd1 {[%clk 0:00:49]} Nxd1 {[%clk 0:00:12]} 44. Kxd1 {[%clk 0:00:50]} Bg7
{[%clk 0:00:08]} 45. Kc2 {[%clk 0:00:50]} Kf7 {[%clk 0:00:07]} 46. Nd6+
{[%clk 0:00:45]} Ke6 {[%clk 0:00:07]} 47. Nb7 {[%clk 0:00:46]} Bd4
{[%clk 0:00:06]} 48. Kd3 {[%clk 0:00:47]} Ke5 {[%clk 0:00:05]} 49. Na5
{[%clk 0:00:49]} Ke4+ 50. Kxe4 1-0

[Event "Team Championship (men blitz)"]
[Site "Sochi"]
[Date "2017.10.05"]
[Round "15.24"]
[White "Gochelashvili, David"]
[Black "Motylev, Alexander"]
[Result "0-1"]
[LiveChessVersion "1.4.8"]
[BlackElo "2551"]
[WhiteElo "2440"]

1. e4 {[%clk 0:03:02]} c6 {[%clk 0:03:03]} 2. d4 {[%clk 0:02:59]} d5
{[%clk 0:03:04]} 3. Nc3 {[%clk 0:03:00]} dxe4 {[%clk 0:03:05]} 4. Nxe4
{[%clk 0:03:01]} Bf5 {[%clk 0:03:06]} 5. Ng3 {[%clk 0:03:02]} Bg6
{[%clk 0:03:06]} 6. h4 {[%clk 0:03:02]} h6 {[%clk 0:03:06]} 7. Nf3
{[%clk 0:02:58]} e6 {[%clk 0:03:04]} 8. h5 {[%clk 0:02:59]} Bh7 {[%clk 0:03:05]}
9. Bd3 {[%clk 0:02:59]} Bxd3 {[%clk 0:03:05]} 10. Qxd3 {[%clk 0:03:00]} Nf6
{[%clk 0:03:01]} 11. Bf4 {[%clk 0:02:57]} Qa5+ {[%clk 0:02:41]} 12. Bd2
{[%clk 0:02:58]} Qa6 {[%clk 0:02:43]} 13. c4 {[%clk 0:02:36]} Nbd7
{[%clk 0:02:43]} 14. a4 {[%clk 0:02:10]} c5 {[%clk 0:02:31]} 15. O-O
{[%clk 0:01:58]} cxd4 {[%clk 0:02:12]} 16. b4 {[%clk 0:01:55]} Rd8
{[%clk 0:02:09]} 17. Qxd4 {[%clk 0:01:35]} Nb6 {[%clk 0:01:25]} 18. Qxd8+
{[%clk 0:01:25]} Kxd8 {[%clk 0:01:26]} 19. b5 {[%clk 0:01:26]} Qxa4
{[%clk 0:01:27]} 20. Rxa4 {[%clk 0:01:27]} Nxa4 {[%clk 0:01:27]} 21. Ra1
{[%clk 0:01:24]} Nb6 {[%clk 0:01:05]} 22. Ne5 {[%clk 0:01:25]} Kc8
{[%clk 0:00:53]} 23. Rxa7 {[%clk 0:01:14]} Bc5 {[%clk 0:00:48]} 24. Nxf7
{[%clk 0:01:05]} Rf8 {[%clk 0:00:50]} 25. Ne5 {[%clk 0:01:06]} Nxh5
{[%clk 0:00:13]} 26. Ne4 {[%clk 0:01:01]} Kb8 {[%clk 0:00:13]} 27. Ra2
{[%clk 0:00:50]} Bd4 {[%clk 0:00:11]} 28. Be3 {[%clk 0:00:35]} Bxe3
{[%clk 0:00:09]} 29. fxe3 {[%clk 0:00:36]} Nf6 {[%clk 0:00:10]} 30. Nc5
{[%clk 0:00:33]} Rd8 {[%clk 0:00:08]} 31. Kf2 {[%clk 0:00:13]} Rc8
{[%clk 0:00:10]} 32. Nxe6 {[%clk 0:00:08]} Re8 {[%clk 0:00:11]} 33. Nxg7
{[%clk 0:00:03]} Rxe5 {[%clk 0:00:12]} 34. Rc2 {[%clk 0:00:03]} Rc5
{[%clk 0:00:11]} 35. Kf3 {[%clk 0:00:03]} Nxc4 {[%clk 0:00:11]} 36. Kf4
{[%clk 0:00:03]} Nd5+ {[%clk 0:00:12]} 37. Kg3 {[%clk 0:00:03]} Ndxe3
{[%clk 0:00:12]} 38. Rf2 {[%clk 0:00:05]} Rg5+ {[%clk 0:00:13]} 39. Kh4
{[%clk 0:00:06]} Rxg7 {[%clk 0:00:14]} 40. b6 {[%clk 0:00:07]} Nxb6
{[%clk 0:00:14]} 41. Kh5 {[%clk 0:00:07]} Rxg2 {[%clk 0:00:13]} 42. Rf3
{[%clk 0:00:07]} Nec4 {[%clk 0:00:14]} 43. Rf4 {[%clk 0:00:08]} Ka7
{[%clk 0:00:15]} 44. Kxh6 {[%clk 0:00:09]} Ka6 {[%clk 0:00:16]} 0-1

[Event "Team Championship (men blitz)"]
[Site "Sochi"]
[Date "2017.10.05"]
[Round "15.25"]
[White "Khismatullin, Denis"]
[Black "Goryachkina, Aleksandra"]
[Result "1-0"]
[LiveChessVersion "1.4.8"]
[BlackElo "2401"]
[WhiteElo "2660"]

1. Nf3 {[%clk 0:03:03]} d5 {[%clk 0:03:03]} 2. e3 {[%clk 0:03:04]} Nf6
{[%clk 0:03:03]} 3. c4 {[%clk 0:03:05]} e6 {[%clk 0:03:04]} 4. Nc3
{[%clk 0:03:06]} Be7 {[%clk 0:03:04]} 5. b3 {[%clk 0:03:08]} O-O 6. Bb2 b6
{[%clk 0:03:04]} 7. cxd5 {[%clk 0:02:57]} exd5 {[%clk 0:03:03]} 8. d4
{[%clk 0:02:57]} Bb7 {[%clk 0:03:03]} 9. Bd3 {[%clk 0:02:57]} c5 {[%clk 0:02:59]}
10. O-O {[%clk 0:02:55]} Nc6 {[%clk 0:02:58]} 11. dxc5 {[%clk 0:02:51]} bxc5
{[%clk 0:02:59]} 12. Na4 {[%clk 0:02:42]} Nb4 {[%clk 0:02:38]} 13. Be2
{[%clk 0:02:22]} Rc8 {[%clk 0:02:24]} 14. a3 {[%clk 0:02:07]} Na6
{[%clk 0:01:54]} 15. Rc1 {[%clk 0:02:07]} Nd7 {[%clk 0:01:48]} 16. Bd3
{[%clk 0:01:49]} Bf6 {[%clk 0:01:41]} 17. Bxf6 {[%clk 0:01:27]} Qxf6
{[%clk 0:01:42]} 18. Re1 {[%clk 0:01:23]} g6 {[%clk 0:01:40]} 19. e4
{[%clk 0:01:16]} dxe4 {[%clk 0:01:28]} 20. Bxe4 {[%clk 0:01:13]} Bxe4
{[%clk 0:01:27]} 21. Rxe4 {[%clk 0:01:13]} Nb6 {[%clk 0:01:28]} 22. Qe2
{[%clk 0:00:57]} Nd5 {[%clk 0:01:21]} 23. g3 {[%clk 0:00:47]} Rfd8
{[%clk 0:01:21]} 24. Kg2 {[%clk 0:00:48]} Kg7 {[%clk 0:01:16]} 25. h4
{[%clk 0:00:45]} Rd6 {[%clk 0:01:11]} 26. b4 {[%clk 0:00:36]} c4 {[%clk 0:00:53]}
27. Rcxc4 {[%clk 0:00:32]} Rxc4 {[%clk 0:00:54]} 28. Qxc4 {[%clk 0:00:29]} Nac7
{[%clk 0:00:47]} 29. Qe2 {[%clk 0:00:19]} Re6 {[%clk 0:00:44]} 30. Nc5
{[%clk 0:00:15]} Rxe4 {[%clk 0:00:37]} 31. Qxe4 {[%clk 0:00:16]} Qb2
{[%clk 0:00:32]} 32. Qd4+ {[%clk 0:00:08]} Qxd4 {[%clk 0:00:31]} 33. Nxd4
{[%clk 0:00:10]} Kf6 {[%clk 0:00:12]} 34. Nc6 {[%clk 0:00:09]} a6
{[%clk 0:00:13]} 35. Nb8 {[%clk 0:00:07]} Nb5 {[%clk 0:00:12]} 36. a4
{[%clk 0:00:07]} Nxb4 {[%clk 0:00:10]} 37. axb5 {[%clk 0:00:07]} axb5
{[%clk 0:00:11]} 38. Nba6 {[%clk 0:00:06]} Nd5 {[%clk 0:00:11]} 39. Kf3
{[%clk 0:00:06]} Ke5 {[%clk 0:00:09]} 40. Nb3 {[%clk 0:00:06]} Kd6
{[%clk 0:00:09]} 41. Ke4 {[%clk 0:00:05]} Nc3+ {[%clk 0:00:09]} 42. Kd3
{[%clk 0:00:05]} Nd5 {[%clk 0:00:08]} 43. Nac5 {[%clk 0:00:06]} Kc6
{[%clk 0:00:08]} 44. Ne4 {[%clk 0:00:06]} f5 {[%clk 0:00:09]} 45. Ng5
{[%clk 0:00:07]} h5 {[%clk 0:00:09]} 46. Nf3 {[%clk 0:00:08]} Kd6
{[%clk 0:00:10]} 47. Kd4 {[%clk 0:00:08]} f4 {[%clk 0:00:10]} 48. Ne5
{[%clk 0:00:08]} fxg3 {[%clk 0:00:07]} 49. fxg3 {[%clk 0:00:10]} Ne7
{[%clk 0:00:07]} 50. Ke4 {[%clk 0:00:10]} b4 {[%clk 0:00:06]} 51. Nd4
{[%clk 0:00:09]} Kc5 {[%clk 0:00:05]} 52. Ne6+ {[%clk 0:00:07]} Kd6
{[%clk 0:00:05]} 53. Nd4 {[%clk 0:00:05]} Kc5 {[%clk 0:00:07]} 54. Nb3+
{[%clk 0:00:06]} Kd6 {[%clk 0:00:08]} 55. Nf3 {[%clk 0:00:05]} Nf5
{[%clk 0:00:09]} 56. Kf4 {[%clk 0:00:06]} Ke6 {[%clk 0:00:10]} 57. Ne5
{[%clk 0:00:07]} Kf6 {[%clk 0:00:11]} 58. Nc6 {[%clk 0:00:08]} Ng7
{[%clk 0:00:11]} 59. Nbd4 {[%clk 0:00:06]} Ne8 {[%clk 0:00:10]} 60. Nxb4
{[%clk 0:00:06]} Nd6 {[%clk 0:00:11]} 61. Nd5+ {[%clk 0:00:07]} Kg7
{[%clk 0:00:12]} 62. Ne6+ {[%clk 0:00:07]} Kf7 {[%clk 0:00:13]} 63. Ng5+
{[%clk 0:00:08]} Kg7 {[%clk 0:00:14]} 64. Ne3 {[%clk 0:00:07]} Kf6
{[%clk 0:00:14]} 65. Ne4+ {[%clk 0:00:06]} 1-0